000 005330000a22001930004500
020 _a0-440-50006-6
041 0 _aENG
082 0 4 _aG 158 G463o
100 1 _aGil, Eliana
245 1 0 _aOutgrowing the pain : A book for and about adults abused as children / Eliana Gil
260 _aNew York, N.Y., USA : Dell
300 _a88 Pag.
650 1 4 _aABUSO DEL NIÑO - REHABILITACION
001 864
942 _cBK
999 _c32283
_d32283
336 _atexto
_btxt
_2rdacontent
337 _2rdamedia
_asin mediación
_bn
338 _2rdacarrier
_avolumen
_bnc